|
|
|
|
| LEADER |
00890nam a2200205 a 4500 |
| 001 |
000609622 |
| 003 |
CZ BrMZK |
| 005 |
20040420095153.0 |
| 008 |
020709s1971 xr f cze d |
| 040 |
|
|
|a BOA001
|b cze
|c BOA001
|
| 100 |
1 |
|
|a Novotný, Zdeněk,
|d 1901-1974
|7 ola2002103230
|4 art
|
| 245 |
1 |
0 |
|a Zdeněk Novotný :
|b u příležitosti umělcových sedmdesátin vydalo v roce 1971 Horácké muzeum a galerie v Novém Městě na Moravě /
|c text Josef Křížek
|
| 260 |
|
|
|a Nové Město na Moravě :
|b Horácké muzeum a galerie,
|c 1971
|
| 300 |
|
|
|a 1 nestránkovaný sv.
|
| 500 |
|
|
|a Publikace k výstavě
|
| 700 |
1 |
|
|a Křížek, Josef,
|d 1922-
|7 ola200204134
|4 wfw
|
| 710 |
2 |
|
|a Horácké muzeum (Nové Město na Moravě, Česko)
|7 kn20020321375
|
| 910 |
|
|
|a BOA001
|b X2-0781.667
|
| 990 |
|
|
|a BK
|
| 996 |
6 |
|
|b 2618832822
|c X2-0781.667
|l MZK
|r Sklad / do 24 hodin
|n 0
|w 000609622
|u 000010
|a 1
|e BOA001
|j MZK50
|s P
|